| Tag |
First Indicator |
Second Indicator |
Subfields |
| LEADER |
00000cam a2200000 i 4500 |
| 001 |
in00000043067 |
| 005 |
20151007070831.0 |
| 008 |
750331m19759999mdu 00000 eng |
| 020 |
|
|
|a 0960071237 :
|c $7.95
|
| 035 |
|
|
|a (OCoLC)01287652
|
| 035 |
|
|
|9 AAE4808AM
|
| 040 |
|
|
|a DLC
|c DLC
|d TXA
|d UtOrBLW
|
| 049 |
|
|
|a TXAM
|v 1 [488678]
|v 2 [1459041]
|
| 050 |
0 |
0 |
|a QE53
|b .C68
|
| 082 |
0 |
|
|a 550
|
| 245 |
0 |
0 |
|a Strange planet.
|
| 264 |
|
1 |
|a Glen Arm, Md. :
|b Sourcebook Project,
|c 1975-
|
| 300 |
|
|
|a volumes
|
| 336 |
|
|
|a text
|b txt
|2 rdacontent
|
| 337 |
|
|
|a unmediated
|b n
|2 rdamedia
|
| 338 |
|
|
|a volume
|b nc
|2 rdacarrier
|
| 500 |
|
|
|a "A sourcebook of unusual geological facts."
|
| 500 |
|
|
|a Compiler: 1975- William R. Corliss.
|
| 500 |
|
|
|a Looseleaf for updating.
|
| 650 |
|
0 |
|a Geology
|x Miscellanea.
|
| 700 |
1 |
|
|a Corliss, William R.
|
| 999 |
|
|
|a MARS
|
| 999 |
f |
f |
|s e572cbed-9fa4-388a-9fed-338d35e7d4f3
|i c0454849-e670-3d62-8d35-de3cc3ddbf40
|t 0
|
| 952 |
f |
f |
|p normal
|a Texas A&M University
|b College Station
|c Sterling C. Evans Library
|d Evans: Library Stacks
|t 0
|e QE53 .C68
|h Library of Congress classification
|i unmediated -- volume
|k v.2
|m A14804746972
|
| 952 |
f |
f |
|p normal
|a Texas A&M University
|b College Station
|c Sterling C. Evans Library
|d Evans: Library Stacks
|t 0
|e QE53 .C68
|h Library of Congress classification
|i unmediated -- volume
|k v.1
|m A14804746964
|
| 998 |
f |
f |
|a QE53 .C68
|s v.1-v.2
|t 0
|l Evans: Library Stacks
|